000 00779nam a22002417a 4500
005 20250910105640.0
008 250910b |||||||| |||| 00| 0 eng d
037 _cREF
040 _aAL
_cAL
041 _2Eng
_aEnglish
084 _aY:45.1 P2.1-.3(RR)
_qvol.1-.3
245 _aEncyclopaedia of international terrorism
260 _aIndia, Delhi
_bDeep and Deep publisher
_c2002
300 _a344 vol.1
300 _a590 vol.2
300 _a263 vol.3
365 _b3500
_cINR
440 _vvol.1-.3
650 _2SOCIOLOGY
700 _aby. Grover, Varinde
_eEditor.
_9820874
942 _2CC
_cREF
_hY:45.1 P2.1-.3(RR)
_n0
999 _c1435284
_d1435284